000 00152nam a22000857a 4500
082 _a823
100 _aSUNITHA JAIN
245 _aTHE MANGO TREE
942 _cBK
999 _c8402
_d8402